000 00354 a2200169 4500
001 47738
020 _a9788506074749
040 _cAnchieta - Aquarius
100 _aSimões, Fábio
240 1 0 _aOlelê
_lpor
245 1 0 _aOlelê
300 _a29
362 0 _a2015
440 1 _aMelhoramentos
650 4 _aLiteratura infanto-juvenil
942 _cBK
999 _c47738
_d47738